| 000 | 00411 a2200157 4500 | ||
|---|---|---|---|
| 082 | _a621.381 | ||
| 090 |
_c4171 _d4171 |
||
| 100 | _a Green, D. C. | ||
| 245 |
_aDigital electronics _cD. C. Green |
||
| 250 | _a5th. | ||
| 260 |
_aNew Delhi : _bPearson Education Inc. , _cc2001. |
||
| 300 |
_aix, 398p. : _bill. ; _c26 cm. |
||
| 500 | _a Includes Index | ||
| 650 | _aDigital electronics. | ||
| 942 |
_cBK _k621.381 GRE |
||
| 999 |
_c8065 _d8065 |
||